The Governance of Insurance Undertakings (Record no. 4943)

MARC details
000 -CABECERA
campo de control de longitud fija 04055nam a22006375i 4500
001 - NÚMERO DE CONTROL
campo de control 991107130370106196
005 - FECHA Y HORA DE LA ÚLTIMA TRANSACCIÓN
campo de control 20260515114408.0
006 - CÓDIGOS DE INFORMACIÓN DE LONGITUD FIJA--CARACTERÍSTICAS DEL MATERIAL ADICIONAL
campo de control de longitud fija m o d |
007 - CAMPO FIJO DE DESCRIPCIÓN FÍSICA--INFORMACIÓN GENERAL
campo de control de longitud fija cr cnu||||||||
008 - DATOS DE LONGITUD FIJA--INFORMACIÓN GENERAL
campo de control de longitud fija 220314s2022 sz | o |||| 0|eng d
020 ## - NÚMERO INTERNACIONAL ESTÁNDAR DEL LIBRO
Número Internacional Estándar del Libro 9783030858162
024 7# - IDENTIFICADOR DE OTROS ESTÁNDARES
Número estándar o código 10.1007/978-3-030-85817-9
Fuente del número o código doi
035 ## - NÚMERO DE CONTROL DEL SISTEMA
Número de control de sistema (CKB)5840000000011890
035 ## - NÚMERO DE CONTROL DEL SISTEMA
Número de control de sistema (MiAaPQ)EBC6925890
035 ## - NÚMERO DE CONTROL DEL SISTEMA
Número de control de sistema (Au-PeEL)EBL6925890
035 ## - NÚMERO DE CONTROL DEL SISTEMA
Número de control de sistema (OCoLC)1306069618
035 ## - NÚMERO DE CONTROL DEL SISTEMA
Número de control de sistema (oapen)https://directory.doabooks.org/handle/20.500.12854/81593
035 ## - NÚMERO DE CONTROL DEL SISTEMA
Número de control de sistema (DE-He213)978-3-030-85817-9
035 ## - NÚMERO DE CONTROL DEL SISTEMA
Número de control de sistema (PPN)261522434
035 ## - NÚMERO DE CONTROL DEL SISTEMA
Número de control de sistema (ODN)ODN0010074053
035 ## - NÚMERO DE CONTROL DEL SISTEMA
Número de control de sistema (oapen)doab81593
035 ## - NÚMERO DE CONTROL DEL SISTEMA
Número de control de sistema (EXLCZ)995840000000011890
040 ## - FUENTE DE LA CATALOGACIÓN
Centro catalogador/agencia de origen MiAaPQ
Lengua de catalogación eng
Normas de descripción rda
-- pn
Centro/agencia transcriptor MiAaPQ
Centro/agencia modificador MiAaPQ
041 0# - CÓDIGO DE LENGUA
Código de lengua del texto/banda sonora o título independiente eng
050 #4 - SIGNATURA TOPOGRÁFICA DE LA BIBLIOTECA DEL CONGRESO
Número de clasificación K7000-7720.22
100 ## - ENTRADA PRINCIPAL--NOMBRE DE PERSONA
Nombre de persona Marano, Pierpaolo.
9 (RLIN) 25877
245 14 - MENCIÓN DE TÍTULO
Título The Governance of Insurance Undertakings
Resto del título : Corporate Law and Insurance Regulation
Mención de responsabilidad, etc. / edited by Pierpaolo Marano, Kyriaki Noussia.
250 ## - MENCIÓN DE EDICIÓN
Mención de edición First edtion 2022.
260 ## - PUBLICACIÓN, DISTRIBUCIÓN, ETC.
Fecha de publicación, distribución, etc. 2022.
264 #1 - PRODUCCIÓN, PUBLICACIÓN, DISTRIBUCIÓN, FABRICACIÓN Y COPYRIGHT
Producción, publicación, distribución, fabricación y copyright Cham :
Nombre del de productor, editor, distribuidor, fabricante Springer International Publishing :
-- Imprint: Springer,
Fecha de producción, publicación, distribución, fabricación o copyright 2022.
300 ## - DESCRIPCIÓN FÍSICA
Extensión 1 online resource (365 pages)
490 1# - MENCIÓN DE SERIE
Mención de serie AIDA Europe Research Series on Insurance Law and Regulation,
Número Internacional Normalizado para Publicaciones Seriadas 2662-1789 ;
Designación de volumen o secuencia 6
505 0# - NOTA DE CONTENIDO CON FORMATO
Nota de contenido con formato Part I – The System of Governance of Insurance Undertakings —<br/>Corporate Governance and the so-called “Four-Eyes Principle” —<br/>The Risk Management System, the Risk Culture, and the Duties of the Insurers’ Directors —<br/>Role and Significance of the Compliance Function in an Insurance Undertaking —<br/>Insurance Outsourcing: A Legal Analysis —<br/>Remuneration Policies of Insurance Undertakings in Europe: Principles for a Deeply Heterogeneous Reality —<br/>Corporate Governance Standards for Insurers in Singapore —<br/><br/>Part II – Insurance Business and Corporate Law —<br/>Recovery and Resolution of Insurance Companies and Directors’ Duties —<br/>Restructuring, Winding-Up & Portfolio Transfer of Insurance Companies in Distress —<br/>Insurance in M&A Transactions —<br/>The Algorithmic Future of Insurance Supervision in the EU: A Reality Check —<br/>Financial Reporting in Insurance and International Financial Reporting Standards —<br/>Recent Directions in the Regulation of Insurance Claims Handling in the United Kingdom and Australia: A Model for Other Jurisdictions to Consider? —<br/>Business Registration Data as the Best Vehicle to Achieve KYC and AML for Business —<br/>The Influence of Public and Corporate Insurance Law on the Application of Private International Law: Selected Issues.
520 ## - SUMARIO, ETC.
Sumario, etc. This open access volume of the AIDA Europe Research Series on Insurance Law and Regulation brings together contributions from authors with different legal cultures. It aims to identify the legal issues that arise from the intersection of two disciplines: insurance law and corporate/company law. These legal issues are examined mainly from the perspective of European Union (EU) law. However, there are also contributions from other legal systems, enriching the perspective with which to approach these issues.
546 ## - NOTA DE LENGUA/LENGUAJE
Nota de lengua/lenguaje English
650 #0 - PUNTO DE ACCESO ADICIONAL DE MATERIA--TÉRMINO DE MATERIA
Término de materia o nombre geográfico como elemento de entrada Conflict of laws.
9 (RLIN) 25878
650 #0 - PUNTO DE ACCESO ADICIONAL DE MATERIA--TÉRMINO DE MATERIA
Término de materia o nombre geográfico como elemento de entrada International law.
9 (RLIN) 25879
650 #0 - PUNTO DE ACCESO ADICIONAL DE MATERIA--TÉRMINO DE MATERIA
Término de materia o nombre geográfico como elemento de entrada Comparative law.
9 (RLIN) 25880
650 #0 - PUNTO DE ACCESO ADICIONAL DE MATERIA--TÉRMINO DE MATERIA
Término de materia o nombre geográfico como elemento de entrada Commercial law
9 (RLIN) 5137
650 #0 - PUNTO DE ACCESO ADICIONAL DE MATERIA--TÉRMINO DE MATERIA
Término de materia o nombre geográfico como elemento de entrada European Economic Community
9 (RLIN) 6368
650 #0 - PUNTO DE ACCESO ADICIONAL DE MATERIA--TÉRMINO DE MATERIA
Término de materia o nombre geográfico como elemento de entrada Corporation law
9 (RLIN) 5125
650 #0 - PUNTO DE ACCESO ADICIONAL DE MATERIA--TÉRMINO DE MATERIA
Término de materia o nombre geográfico como elemento de entrada Common law.
9 (RLIN) 25881
650 #0 - PUNTO DE ACCESO ADICIONAL DE MATERIA--TÉRMINO DE MATERIA
Término de materia o nombre geográfico como elemento de entrada Finance
Subdivisión general Law and legislation
9 (RLIN) 3341
650 10 - PUNTO DE ACCESO ADICIONAL DE MATERIA--TÉRMINO DE MATERIA
Término de materia o nombre geográfico como elemento de entrada Private International Law, International and Foreign Law, Comparative Law.
9 (RLIN) 25882
650 20 - PUNTO DE ACCESO ADICIONAL DE MATERIA--TÉRMINO DE MATERIA
Término de materia o nombre geográfico como elemento de entrada European Economic Law.
9 (RLIN) 25883
650 20 - PUNTO DE ACCESO ADICIONAL DE MATERIA--TÉRMINO DE MATERIA
Término de materia o nombre geográfico como elemento de entrada Financial Law.
9 (RLIN) 25884
650 #0 - PUNTO DE ACCESO ADICIONAL DE MATERIA--TÉRMINO DE MATERIA
Término de materia o nombre geográfico como elemento de entrada Corporate governance
9 (RLIN) 7297
700 ## - ENTRADA AGREGADA--NOMBRE PERSONAL
Nombre de persona Noussia, Kyriaki.
9 (RLIN) 25885
720 1# - ENTRADA AGREGADA--NOMBRE NO CONTROLADO
Nombre Marano, Pierpaolo
Código de función edt
720 1# - ENTRADA AGREGADA--NOMBRE NO CONTROLADO
Nombre Noussia, Kyriaki
Código de función edt
776 08 - ENTRADA DE FORMULARIO FÍSICO ADICIONAL
Número Internacional Estándar del Libro 3-030-85816-2
830 #0 - PUNTO DE ACCESO ADICIONAL DE SERIE-TÍTULO UNIFORME
Título uniforme AIDA Europe Research Series on Insurance Law and Regulation,
Número Internacional Normalizado para Publicaciones Seriadas 2662-1789 ;
Designación de volumen o secuencia 6
856 ## - LOCALIZACIÓN Y ACCESO ELECTRÓNICOS
Identificador Uniforme del Recurso <a href="https://library.oapen.org/handle/20.500.12657/54011">https://library.oapen.org/handle/20.500.12657/54011</a>
906 ## - ELEMENTOS DE DATOS F LOCAL, LDF (RLIN)
a BOOK
942 ## - ELEMENTOS DE ENTRADA AGREGADA (KOHA)
Fuente del sistema de clasificación o colocación Clasificación de Library of Congress
Holdings
Estado de retiro Estado de pérdida Fuente del sistema de clasificación o colocación Estado dañado No para préstamo Biblioteca de origen Biblioteca actual Fecha de adquisición Total de préstamos Fecha visto por última vez Identificador Uniforme del Recurso Precio válido a partir de Tipo de ítem Koha
    Clasificación de Library of Congress     TBS Barcelona TBS Barcelona 15/09/2025   15/09/2025 https://library.oapen.org/handle/20.500.12657/54011 15/09/2025 eBook

Powered by Koha